| 000 | 00945nam a22002177a 4500 | ||
|---|---|---|---|
| 005 | 20240508121932.0 | ||
| 008 | 220720b ||||| |||| 00| 0 eng d | ||
| 040 | _cAloy | ||
| 041 | _ahin | ||
| 082 |
_223 _aH891.8 _bSENA |
||
| 100 |
_aSukhdevsingh Sengar _9163749 |
||
| 100 |
_951545 _dसुखदेवसिंह सेंगर Ed |
||
| 245 |
_aAmar shaheed sultan singh narwaria smrithi Granth _bअमर शहीद सुल्तानसिंह नरवरिय स्मृति ग्रन्थ |
||
| 260 |
_aMadhya Pradesh _bAmar shaheed sultan singh narwaria smrithi Granth Prakashan _c2000 |
||
| 300 |
_a331p. _bHB _c22x14cm. |
||
| 365 | _2Hindi | ||
| 650 |
_aHindi Miscellaneous: हिंदी विविध _951530 |
||
| 650 |
_aHindi Literature: हिंदी साहित्य _951531 |
||
| 700 |
_aSENGAR (Sukhdevsimh): सेंगर ( सुखदेवसिंह) _951532 |
||
| 942 |
_2ddc _cGF |
||
| 999 |
_c224012 _d224012 |
||